000 00590nam a22001937a 4500
005 20150113112526.0
010 _aENG-111468
020 _a9788174877475
_c495.00
035 _aEN-95000
037 _bDABD/PUB
082 0 0 _a305.420954
245 _aFlourishing women in India /
_cedited by Shivali Agarwal [and] Indu Sharma
260 _aNew Delhi
_bRadha Publications
_c2011
270 _a4231/1, Ansari Road, Daryaganj
_bNew Delhi
_e110002
300 _a204p.
_c22cm(Hb)
700 _aAgarwal, Shivali
700 _aSharma, Indu
942 _2ddc
_cEN
_mFLO
_h305.420954
999 _c90623
_d90623